Statistiques concernant Harry Potter: la Famille Dragonneau

Cliquez ici pour prendre le quiz!

Statistiques générales

  • Ce quiz a été pris 52 fois
  • Le résultat moyen est 6 sur 10

Statistiques - réponses

InformationRéponses% Correct
Membre connuNorbert Dragonneau
94%
Statut de sangSang-Mêlé
91%
Première apparitionLes Animaux Fantastiques
74%
Membre connu
Thésée Dragonneau
69%
Membre connue (par alliance)
Porpentina Goldstein
60%
Membre connue (par alliance) Luna Lovegood
60%
Dernière apparitionLes Animaux Fantastiques : les Crimes de Grindelwald
49%
Membre connu
Rolf Dragonneau
40%
Membre connuLysander Dragonneau
34%
Membre connuLorcan Dragonneau
29%

Distribution des résultats

Percentile par nombre de réponses

% des personnes avec chaque résultat

Votre développement - résultats

Vous n’avez pas pris ce quiz